La insurección de Túpac Amaru

Saved in:
Bibliografiske detaljer
Hovedforfatter: Lewin, Boleslao (autor)
Format: Bog
Sprog:spansk
Udgivet: Buenos Aires EUDEBA 1967
Udgivelse:2a. ed
Serier:Biblioteca de América Libros del Tiempo Nuevo
Fag:
Tags: Tilføj Tag
Ingen Tags, Vær først til at tagge denne postø!

MARC

LEADER 00000nam a2200000 a 4500
001 UCI7161
003 CL-VaPUC
008 080613e19670000AG |||||||||||||||||spa|d
082 0 4 |a 985.03  |b LEW  |2 21 
100 |a Lewin, Boleslao  |e autor  |9 530287 
245 1 3 |a La insurección de Túpac Amaru 
250 |a 2a. ed 
300 |a 111 p 
942 |c BK 
945 |d 20080613 00:00:00  |a rbrito 
260 |a Buenos Aires  |b EUDEBA  |c 1967 
600 0 7 |a TUPAC AMARU  |2 CL-VaPUC  |9 447217 
650 7 |a HISTORIA COLONIAL DEL PERU  |2 CL-VaPUC  |9 530288 
650 0 |a Historia del Perú   |9 430972 
650 0 |a Imperio Inca  |9 441384 
650 7 |a INCAS  |2 CL-VaPUC  |9 256565 
650 0 |a Imperio Inca  |9 441384 
651 0 |a Perú  |9 256567 
583 |a last modification  |c 20080613 00:00:00  |k Rodrigo Vera 
490 0 |a Biblioteca de América Libros del Tiempo Nuevo 
999 |c 330519  |d 330517 
952 |0 0  |1 0  |4 0  |6 985_030000000000000_LEW_1967  |7 0  |8 A  |9 416090  |a BIBHIS  |b BIBHIS  |d 2019-11-22  |i 4450035  |o 985.03 LEW 1967  |p 4450035  |r 2025-01-20  |w 2019-11-22  |y BK  |k HIS